00378nam a2200085Ia 4500008004100000245010600041260000900147300010400156650003200260180130s9999 xx 000 0 und d cHonoria-Franca, Adenilda Cristina; Franca, Eduardo LuziaaHuman milk: an ecologically functional food c2015 aBook title: Significant concept in global environmental change--Acession number C19421; pages 39-46 aGLOBAL ENVIRONMENTAL CHANGE